Born in Barranquilla - Statistics

General Stats
  • This quiz has been taken 11 times
  • The average score is 4 of 7
Answer Stats
Hint Answer % Correct
Singer, "Whenever, Wherever" "Hips Don't Lie" "Waka Waka (This Time for Africa)" "Loca" "Chantaje" 1977 Shakira
100%
Actress and model, best known for her role as Gloria Delgado-Pritchett in "Modern Family" 1972 Sofía Vergara
80%
Footballer who plays for Eintracht Frankfurt and the Colombian national team 1995 Rafael Santos Borré
70%
Footballer who plays for Deportivo Cali and the Colombian national team (former Sporting Lisbon, River Plate and Atlético Junior player) 1985 Teófilo Gutiérrez
70%
Former shortstop who was a five times All-Star and was named the World Series MVP 2010, he won the World Series with the St. Louis Cardinals and San Francisco Giants 1975 Édgar Rentería
60%
Second baseman and Winner of the Silver Slugger Award 2020 who played for the Miami Marlins, San Francisco Giants, Cincinnati Reds and New York Yankees 1987 Donovan Solano
30%
Sports shooter and first Colombian athlete to win two Olympic medals 1949 Helmut Bellingrodt
30%
No matching quizzes found
Score Distribution
Percent of People with Each Score
Percentile by Number Answered
Your Score History
You have not taken this quiz